লোকউৎসবে ঐতিহ্যচেতনা / (Record no. 39203)
[ view plain ]
| 000 -LEADER | |
|---|---|
| fixed length control field | 00938nam a2200241 4500 |
| 001 - CONTROL NUMBER | |
| control field | 39203 |
| 003 - CONTROL NUMBER IDENTIFIER | |
| rucl marc code | BD-RjUL |
| 005 - DATE AND TIME OF LATEST TRANSACTION | |
| control field | 20211209052936.0 |
| 008 - FIXED-LENGTH DATA ELEMENTS--GENERAL INFORMATION | |
| fixed length control field | 160405s1998 bg a|||e |||| 00| 0 ben d |
| 020 ## - INTERNATIONAL STANDARD BOOK NUMBER | |
| International Standard Book Number | 9840738100: |
| Terms of availability | TK. 65.00 |
| 035 ## - SYSTEM CONTROL NUMBER | |
| System control number | (BD-RjUL)39315 |
| 040 ## - CATALOGING SOURCE | |
| Original cataloging agency | BD-RjUL |
| Language of cataloging | ben |
| Transcribing agency | BD-RjUL |
| 041 ## - LANGUAGE CODE | |
| Language code of text/sound track or separate title | ben |
| 082 ## - DEWEY DECIMAL CLASSIFICATION NUMBER | |
| Edition number | 23 |
| Classification number | 398.2095492 |
| Author mark and year | LOK 1998 |
| 245 00 - TITLE STATEMENT | |
| Title | লোকউৎসবে ঐতিহ্যচেতনা / |
| Statement of responsibility, etc. | শাহিদা খাতুন, সম্পাদক |
| 260 ## - PUBLICATION, DISTRIBUTION, ETC. (IMPRINT) | |
| Place of publication, distribution, etc. | ঢাকা : |
| Name of publisher, distributor, etc. | বাংলা একাডেমী, |
| Date of publication, distribution, etc. | ১৯৯৮ |
| 300 ## - PHYSICAL DESCRIPTION | |
| Pagination | [১৩], ১০৪ পৃ. : |
| Illustrations | চিত্র ; |
| Size | ২২ সেমি. |
| 490 ## - SERIES STATEMENT | |
| Series statement | বাএ : |
| Volume/sequential designation | ৩৮০১ |
| 650 ## - SUBJECT ADDED ENTRY--TOPICAL TERM | |
| Topical term or geographic name as entry element | লোকসাহিত্য |
| Geographic subdivision | বাংলাদেশ |
| 9 (RLIN) | 120908 |
| Topical term or geographic name as entry element | Folk Literature |
| Geographic subdivision | Bangladesh |
| 9 (RLIN) | 120909 |
| 700 ## - ADDED ENTRY--PERSONAL NAME | |
| Personal name | খাতুন, শাহিদা, সম্পাদক |
| 942 ## - ADDED ENTRY ELEMENTS (KOHA) | |
| Source of classification or shelving scheme | Dewey Decimal Classification |
| Koha item type | Books |
| Lost status | Source of classification or shelving scheme | Damaged status | Not for loan | Collection code | Permanent Location | Current Location | Shelving location | Date acquired | Source of acquisition | Cost, normal purchase price | Total Checkouts | Full call number | Date last seen | Copy number | Koha item type | Date checked out |
|---|---|---|---|---|---|---|---|---|---|---|---|---|---|---|---|---|
| Dewey Decimal Classification | Not For Loan | Non-fiction | Central Library, University of Rajshahi | Central Library, University of Rajshahi | Reading Room | 24/06/2013 | Bangla Academy, Dhaka | 65.00 | B 398.2095492 LOK 1998 | 05/04/2016 | C-1 | Books | ||||
| Dewey Decimal Classification | Non-fiction | Central Library, University of Rajshahi | Central Library, University of Rajshahi | 24/06/2013 | Bangla Academy, Dhaka | 65.00 | B 398.2095492 LOK 1998 | 05/04/2016 | C-2 | Books | ||||||
| Dewey Decimal Classification | Non-fiction | Central Library, University of Rajshahi | Central Library, University of Rajshahi | 24/06/2013 | Bangla Academy, Dhaka | 65.00 | 1 | B 398.2095492 LOK 1998 | 28/12/2016 | C-3 | Books | 27/09/2016 |